La teoría de las organizaciones desde el punto de vista sociológico/
Guardado en:
| Hovedforfatter: | |
|---|---|
| Format: | Bog |
| Sprog: | Spanish |
| Tags: |
Tilføj Tag
Ingen Tags, Vær først til at tagge denne postø!
|
MARC
| LEADER | 00000nam a22000007a 4500 | ||
|---|---|---|---|
| 003 | cru CIDCACS/IIS | ||
| 005 | 20191206133116.0 | ||
| 007 | ta | ||
| 008 | 191206s1974 cr ||p|r||||||0| 0|spa|d | ||
| 999 | |c 42728 |d 42728 | ||
| 040 | |c cru CIDCACS/IIS | ||
| 100 | 1 | |9 4168 |a Parsons, Talcott | |
| 245 | 1 | 3 | |a La teoría de las organizaciones desde el punto de vista sociológico/ |c Talcott Parsons |
| 300 | |a 17 páginas | ||
| 773 | 0 | |0 42727 |9 4017 |a Consejo Superior Universitario Centroamericano (CSUCA) |d San José, Costa Rica: CSUCA. Programa Centroamericano de Ciencias Sociales, |o 18797 |t Cuadernos de Ciencias Sociales / | |
| 942 | |2 ddc |c PP | ||
